Statistics for Countries with most vegetarians

Click here to take the quiz!

General Stats

  • This quiz has been taken 690 times
  • The average score is 15 of 20

Answer Stats

HintCountry% Correct
6United States6,140,000
97%
1India31-40%
96%
1India392-506,000,000
96%
2China54-68,035,000
92%
5United Kingdom7,095,000
92%
4United Kingdom7-11%
92%
8Japan5,964,300
83%
7Germany9%
82%
4Germany7,371,000
82%
10Australia5%
77%
9Russia4-5,840,000
72%
9Brazil8%
71%
3Brazil15,896,000
71%
5Italy10%
71%
7Italy6,010,000
71%
6Sweden10%
68%
8Austria9%
43%
3Taiwan13%
37%
10Taiwan2,964,000
37%
2Israel13%
36%

Score Distribution

Percentile by Number Answered

Percent of People with Each Score

Your Score History

You have not taken this quiz